000 00608nam a2200205 a 4500
005 20220530085319.0
008 991125s1991 mx 000 0 spa u
020 _a9686177434
035 _aUPN01000001864
049 _aCG
050 4 _aQD24 P2
_bG3.5
100 1 _aGarcía, Horacio
_935214
245 1 3 _aEl alquimista errante :
_bParacelso /
_cHoracio García.
260 _aMéxico :
_bCNCA, Dirección General de Publicaciones :
_bPangea,
_c1991.
300 _a110 p. :
_bil
440 0 _aViajeros del conocimiento ;
_v41
650 2 _aAlquimia
_92537
600 0 4 _aPARACELSO,
_d1493-1541
905 _aLibro
999 _c1864
_d1864